[Event "Junior Online 4NCL Division 2"]
[Site "online"]
[Date "2020.05.21"]
[Round "6.58"]
[White "Blin, Sophia"]
[Black "Morrell, Sean"]
[Result "0-1"]
[WhiteElo "1292"]
[BlackElo "1480"]
[PlyCount "31"]
[EventDate "2020.05.21"]
[WhiteTeam "Marshall Artists"]
[BlackTeam "Watford 1"]

1. e4 e6 2. d4 d5 3. exd5 exd5 4. Nc3 Nf6 5. Bf4 Bb4 6. Bd2 O-O 7. Nf3 Bxc3 8.
Bxc3 Bg4 9. Be2 Bxf3 10. Bxf3 Re8+ 11. Be2 Qe7 12. Bd2 Qe4 13. c3 Qxg2 14. Rf1
Ng4 15. Be3 Nxh2 16. Qd3 0-1

[Event "Junior Online 4NCL Division 2"]
[Site "online"]
[Date "2020.05.21"]
[Round "6.61"]
[White "Maton, Emily"]
[Black "Saunders, Aron"]
[Result "0-1"]
[WhiteElo "1675"]
[BlackElo "1765"]
[PlyCount "78"]
[EventDate "2020.05.21"]
[WhiteTeam "St Albans Early Knights 1"]
[BlackTeam "Downend Upstarts"]

1. g3 d5 2. Nf3 Nf6 3. Bg2 g6 4. d4 Bg7 5. c4 c6 6. cxd5 cxd5 7. Nc3 O-O 8. O-O
Nc6 9. Bg5 Ne4 10. Bf4 Nxc3 11. bxc3 Na5 12. Qc1 Re8 13. Bh6 Bh8 14. Qf4 Nc4
15. Ng5 f6 16. Nf3 Be6 17. h4 Qd6 18. Qxd6 Nxd6 19. Bf4 Ne4 20. Rfc1 Rac8 21.
Bd2 Bf7 22. Rab1 Rc7 23. Rc2 Rec8 24. Rbc1 b5 25. Rb2 a6 26. Rb3 e6 27. Kf1 Be8
28. Ra3 Rc6 29. Be1 b4 30. Rb3 bxc3 31. Bh3 Kf7 32. g4 Bd7 33. g5 f5 34. Ne5+
Bxe5 35. dxe5 Nd2+ 36. Bxd2 cxd2 37. Rd1 Rc1 38. Rb1 Rxb1 39. Rxb1 Rc1+ 0-1

[Event "Junior Online 4NCL Division 2"]
[Site "online"]
[Date "2020.05.21"]
[Round "6.62"]
[White "Ahmed, Bilal"]
[Black "Ball, Charlie"]
[Result "1-0"]
[WhiteElo "1570"]
[BlackElo "1540"]
[PlyCount "75"]
[EventDate "2020.05.21"]
[WhiteTeam "Downend Upstarts"]
[BlackTeam "St Albans Early Knights 1"]

1. e4 d6 2. d4 Nf6 3. Nc3 Nbd7 4. Be3 e5 5. Nf3 h6 6. Bc4 c6 7. d5 Qc7 8. Bb3
Be7 9. O-O Ng4 10. Bd2 Ngf6 11. h3 Nc5 12. Be3 Nfxe4 13. Nxe4 Nxe4 14. Qd3 Bf5
15. Qe2 Nf6 16. c3 O-O 17. dxc6 bxc6 18. Rad1 a5 19. Bc2 Bc8 20. Nh4 e4 21. g3
Ba6 22. c4 d5 23. Qd2 Bxc4 24. Rfe1 Bb4 25. Qc1 Bxe1 26. Rxe1 Rfb8 27. Nf5 Qe5
28. Nd4 Qc7 29. Bf4 Qd7 30. Bxb8 Rxb8 31. b3 Ba6 32. h4 Qh3 33. Qd2 Ng4 34. f3
e3 35. Qg2 Qxg2+ 36. Kxg2 Nf6 37. Nxc6 Rc8 38. Nd4 1-0

[Event "Junior Online 4NCL Division 2"]
[Site "online"]
[Date "2020.05.21"]
[Round "6.63"]
[White "Ball, Katie C"]
[Black "Goodhew, Finn"]
[Result "0-1"]
[WhiteElo "1525"]
[BlackElo "1562"]
[PlyCount "124"]
[EventDate "2020.05.21"]
[WhiteTeam "St Albans Early Knights 1"]
[BlackTeam "Downend Upstarts"]

1. d4 Nf6 2. Bf4 g6 3. Nc3 Bg7 4. e4 d6 5. Qd2 Nbd7 6. O-O-O c6 7. e5 dxe5 8.
dxe5 Ng4 9. Nf3 h5 10. h3 Nh6 11. Bc4 e6 12. Qd6 Nf5 13. Bg5 Qxg5+ 14. Nxg5
Nxd6 15. exd6 Bxc3 16. bxc3 b5 17. Be2 Nb6 18. Bf3 Bd7 19. g4 hxg4 20. hxg4 Rf8
21. Rh7 Nd5 22. Kb2 Nf6 23. Rh2 O-O-O 24. Nh7 Nxh7 25. Rxh7 f5 26. gxf5 gxf5
27. Rg1 Rh8 28. Rgg7 Rxh7 29. Rxh7 Be8 30. Rc7+ Kb8 31. Bxc6 Bxc6 32. Rxc6 Kb7
33. Rc5 Kb6 34. Rc7 Rxd6 35. Re7 a5 36. Kb3 Kc5 37. a3 a4+ 38. Kb2 Kd5 39. Rb7
Kc5 40. Rc7+ Kb6 41. Re7 Kc6 42. Kc1 Kc5 43. Rc7+ Rc6 44. Rxc6+ Kxc6 45. Kd2
Kc5 46. Kd3 e5 47. f3 Kd5 48. Ke3 Kc4 49. Kd2 f4 50. Kc1 Kxc3 51. Kd1 Kb2 52.
Kd2 Kxa3 53. Kd3 Kb2 54. Ke4 a3 55. Kxe5 a2 56. Kxf4 Kxc2 57. Kg4 a1=Q 58. f4
Qf6 59. f5 b4 60. Kf4 b3 61. Kg4 b2 62. Kf4 b1=Q 0-1

[Event "Junior Online 4NCL Division 2"]
[Site "online"]
[Date "2020.05.21"]
[Round "6.64"]
[White "Mullaney, William"]
[Black "Petcov, Nichiforos"]
[Result "1-0"]
[WhiteElo "1600"]
[BlackElo "1427"]
[PlyCount "41"]
[EventDate "2020.05.21"]
[WhiteTeam "Downend Upstarts"]
[BlackTeam "St Albans Early Knights 1"]

1. d4 d5 2. Nf3 Nf6 3. Bf4 Nc6 4. e3 a6 5. a4 e6 6. c4 Bd6 7. Be5 Bxe5 8. dxe5
Ne4 9. Bd3 Ng5 10. Nd4 Nxd4 11. exd4 f6 12. Nc3 fxe5 13. dxe5 d4 14. Ne2 b6 15.
f4 Nf7 16. Be4 Rb8 17. Nxd4 Nxe5 18. Qh5+ Nf7 19. Nc6 Qd6 20. Rd1 Qxf4 21. Rd8#
1-0

[Event "Junior Online 4NCL Division 2"]
[Site "online"]
[Date "2020.05.21"]
[Round "6.65"]
[White "Saunders, Aron"]
[Black "Maton, Emily"]
[Result "1-0"]
[WhiteElo "1765"]
[BlackElo "1675"]
[PlyCount "117"]
[EventDate "2020.05.21"]
[WhiteTeam "Downend Upstarts"]
[BlackTeam "St Albans Early Knights 1"]

1. e4 c5 2. c3 g6 3. d4 cxd4 4. cxd4 d5 5. e5 Nc6 6. Nc3 Bg7 7. f4 Nh6 8. h3
Nf5 9. Nge2 h5 10. Qd3 Bd7 11. Nxd5 Qa5+ 12. Ndc3 Nb4 13. Qd1 Ba4 14. b3 Bb5
15. a3 Nd3+ 16. Kd2 Nf2 17. Qc2 Nxh1 18. b4 Qb6 19. Nd5 Qd8 20. Nc7+ Kf8 21.
Nxb5 a6 22. Nbc3 Nxd4 23. Nxd4 Qxd4+ 24. Qd3 Qxd3+ 25. Bxd3 Ng3 26. Ke1 Rd8 27.
Be4 Nxe4 28. Nxe4 f6 29. Nc5 Kf7 30. e6+ Ke8 31. Nxb7 Rb8 32. Nc5 Ra8 33. Bb2
a5 34. b5 Rb8 35. a4 Bh6 36. g3 h4 37. Kf2 hxg3+ 38. Kxg3 g5 39. f5 Bg7 40. Nd7
Rb7 41. Rd1 Rh4 42. Nc5 Rb8 43. Rd4 Rxd4 44. Bxd4 Kd8 45. Bc3 Kc7 46. Bxa5+ Kd6
47. Ne4+ Kd5 48. Kf3 Rc8 49. b6 Kc6 50. Bb4 Bf8 51. a5 Kb7 52. Nc5+ Kb8 53.
Nd7+ Kb7 54. Nc5+ Kb8 55. a6 Rc6 56. Nd7+ Ka8 57. b7+ Ka7 58. b8=Q+ Kxa6 59.
Qa8+ 1-0

[Event "Junior Online 4NCL Division 2"]
[Site "online"]
[Date "2020.05.21"]
[Round "6.66"]
[White "Ball, Charlie"]
[Black "Ahmed, Bilal"]
[Result "0-1"]
[WhiteElo "1540"]
[BlackElo "1570"]
[PlyCount "60"]
[EventDate "2020.05.21"]
[WhiteTeam "St Albans Early Knights 1"]
[BlackTeam "Downend Upstarts"]

1. e4 c5 2. d4 cxd4 3. c3 dxc3 4. Nxc3 d6 5. Nf3 Nc6 6. Bc4 Nf6 7. Bg5 e6 8.
O-O Be7 9. Bf4 O-O 10. Qe2 a6 11. Rfd1 Qc7 12. Rac1 b5 13. Bb3 Bb7 14. a3 Rac8
15. Na2 Rfd8 16. Nb4 Qb6 17. Be3 Qa5 18. Nxc6 Bxc6 19. Bd2 Qb6 20. Be3 Qb7 21.
Bg5 Bxe4 22. Rxc8 Rxc8 23. Bxf6 Bxf6 24. h3 Bxf3 25. gxf3 Qc6 26. Bxe6 fxe6 27.
Qxe6+ Kh8 28. Rxd6 Qe8 29. Qd5 Rc1+ 30. Kg2 Qg6+ 0-1

[Event "Junior Online 4NCL Division 2"]
[Site "online"]
[Date "2020.05.21"]
[Round "6.67"]
[White "Goodhew, Finn"]
[Black "Ball, Katie C"]
[Result "0-1"]
[WhiteElo "1562"]
[BlackElo "1525"]
[PlyCount "82"]
[EventDate "2020.05.21"]
[WhiteTeam "Downend Upstarts"]
[BlackTeam "St Albans Early Knights 1"]

1. d4 e6 2. c4 f5 3. g3 Nf6 4. Bg2 Be7 5. Nf3 O-O 6. O-O Qe8 7. Nc3 h6 8. Re1
g5 9. e4 Qg6 10. Ne5 Qh7 11. exf5 Qxf5 12. Qb3 c6 13. Be3 d6 14. Nf3 Ng4 15. h3
Nxe3 16. fxe3 g4 17. Nh2 gxh3 18. Rf1 Qh5 19. Rxf8+ Kxf8 20. Rf1+ Kg8 21. Bf3
Qg6 22. Kh1 Kh8 23. g4 Bg5 24. Be4 Qg7 25. Qb4 Bxe3 26. Qxd6 Nd7 27. Qxe6 Bxd4
28. Rf7 Nf6 29. Qxf6 Bxf6 30. Rxg7 Kxg7 31. Kg1 Be6 32. Kf2 Bxc4 33. Kg3 Re8
34. Bf5 Re3+ 35. Kf2 Bd4 36. Ne4 Re2+ 37. Kg3 Be5+ 38. Kf3 Rxh2 39. Nc3 Bxc3
40. bxc3 Re2 41. Kg3 h2 0-1

[Event "Junior Online 4NCL Division 2"]
[Site "online"]
[Date "2020.05.21"]
[Round "6.68"]
[White "Petcov, Nichiforos"]
[Black "Mullaney, William"]
[Result "1/2-1/2"]
[WhiteElo "1427"]
[BlackElo "1600"]
[PlyCount "50"]
[EventDate "2020.05.21"]
[WhiteTeam "St Albans Early Knights 1"]
[BlackTeam "Downend Upstarts"]

1. e4 c5 2. Nf3 g6 3. Bc4 Nc6 4. d4 cxd4 5. Nxd4 Bg7 6. Nxc6 bxc6 7. Qf3 e6 8.
Nc3 Ne7 9. Bg5 O-O 10. Bf6 d5 11. Bxg7 Kxg7 12. Be2 Qa5 13. e5 Nf5 14. O-O Kg8
15. Bd3 Nd4 16. Qf6 c5 17. Ne2 Nc6 18. f4 c4 19. Ng3 Qb6+ 20. Kh1 cxd3 21. Nh5
gxh5 22. Qg5+ Kh8 23. Qf6+ Kg8 24. Qg5+ Kh8 25. Qf6+ Kg8 1/2-1/2

[Event "Junior Online 4NCL Division 2"]
[Site "online"]
[Date "2020.05.21"]
[Round "6.71"]
[White "Sturge, Sam"]
[Black "Auchi, Nadhmi"]
[Result "0-1"]
[WhiteElo "1660"]
[BlackElo "1922"]
[PlyCount "24"]
[EventDate "2020.05.21"]
[WhiteTeam "Surbiton Juniors A"]
[BlackTeam "Hammersmith 1"]

1. e4 e6 2. d4 d5 3. e5 c5 4. c3 Nc6 5. Nf3 Qb6 6. a3 Nh6 7. Bd3 cxd4 8. Be4
dxe4 9. Nfd2 Nxe5 10. Nxe4 Nf5 11. cxd4 Qxd4 12. Qe2 Nd3+ 0-1

[Event "Junior Online 4NCL Division 2"]
[Site "online"]
[Date "2020.05.21"]
[Round "6.72"]
[White "McBrinn, Conall"]
[Black "Morrison, Joseph"]
[Result "1-0"]
[WhiteElo "1667"]
[BlackElo "1465"]
[PlyCount "119"]
[EventDate "2020.05.21"]
[WhiteTeam "Hammersmith 1"]
[BlackTeam "Surbiton Juniors A"]

1. d4 d5 2. c4 e5 3. dxe5 d4 4. e4 Nc6 5. f4 Bb4+ 6. Bd2 Bxd2+ 7. Nxd2 Nge7 8.
Ngf3 Ng6 9. g3 Bg4 10. Bg2 O-O 11. O-O Re8 12. h3 Bxf3 13. Nxf3 Qd7 14. Qd3 Nb4
15. Qb3 c5 16. a3 Nc6 17. Qd3 Rab8 18. Rab1 a6 19. b4 b6 20. bxc5 bxc5 21. Rfd1
Na5 22. Ng5 Qa4 23. Bf1 h6 24. Nf3 Rb3 25. Qc2 Rxa3 26. Qxa4 Rxa4 27. Ra1 Rxa1
28. Rxa1 Nc6 29. Rxa6 Nb4 30. Ra5 Rc8 31. Ne1 h5 32. Nd3 Nxd3 33. Bxd3 h4 34.
Kf2 hxg3+ 35. Kxg3 Kh7 36. Ra7 Nh8 37. Rd7 Ra8 38. Be2 Ra3+ 39. Kg2 d3 40. Rxd3
Ra4 41. Rd5 Ng6 42. Kg3 Ra3+ 43. Bf3 Ra5 44. f5 Nf8 45. Bh5 g6 46. fxg6+ fxg6
47. Bg4 Kg7 48. Kf4 Kf7 49. h4 Ne6+ 50. Bxe6+ Kxe6 51. Rd6+ Kf7 52. Rf6+ Kg7
53. Kg5 Ra4 54. Rxg6+ Kf7 55. h5 Rxc4 56. Rf6+ Kg7 57. h6+ Kg8 58. Kg6 Rxe4 59.
h7+ Kh8 60. Rf8# 1-0

[Event "Junior Online 4NCL Division 2"]
[Site "online"]
[Date "2020.05.21"]
[Round "6.73"]
[White "Jonikas, Augustas"]
[Black "Auchi, Taymour"]
[Result "0-1"]
[WhiteElo "1540"]
[BlackElo "1570"]
[PlyCount "52"]
[EventDate "2020.05.21"]
[WhiteTeam "Surbiton Juniors A"]
[BlackTeam "Hammersmith 1"]

1. c4 e5 2. Nc3 Nc6 3. d3 Bc5 4. a3 a6 5. b4 Ba7 6. g3 d6 7. Bg2 Nf6 8. Bb2 O-O
9. e3 Bf5 10. Nge2 Re8 11. O-O e4 12. d4 d5 13. cxd5 Nxd5 14. Nxd5 Qxd5 15. Nf4
Qd7 16. Qb3 Bg4 17. Rac1 Bf3 18. h4 Bxg2 19. Kxg2 Bb8 20. Nh5 Qg4 21. Nf4 Ne7
22. f3 exf3+ 23. Rxf3 Nf5 24. Rcf1 Nxh4+ 25. Kf2 Qxf3+ 26. Ke1 Rxe3+ 0-1

[Event "Junior Online 4NCL Division 2"]
[Site "online"]
[Date "2020.05.21"]
[Round "6.75"]
[White "Auchi, Nadhmi"]
[Black "Sturge, Sam"]
[Result "1-0"]
[WhiteElo "1922"]
[BlackElo "1660"]
[PlyCount "139"]
[EventDate "2020.05.21"]
[WhiteTeam "Hammersmith 1"]
[BlackTeam "Surbiton Juniors A"]

1. e4 e6 2. d4 d5 3. Nd2 c5 4. exd5 exd5 5. Ngf3 Nc6 6. Bb5 Qb6 7. Qe2+ Be6 8.
O-O Nf6 9. Nb3 c4 10. Bxc6+ Qxc6 11. Nbd2 Bd6 12. c3 O-O 13. Ne5 Qc7 14. Ndf3
Nd7 15. Bf4 Bf5 16. Bg3 Rfe8 17. Qd2 Nxe5 18. Nxe5 Re7 19. Rfe1 Rae8 20. Nf3 b5
21. Bxd6 Qxd6 22. Rxe7 Rxe7 23. Re1 Be4 24. Ng5 Qg6 25. Nxe4 Rxe4 26. f3 Rxe1+
27. Qxe1 Qe6 28. Qxe6 fxe6 29. Kf2 Kf7 30. Ke3 Kf6 31. Kf4 a5 32. h4 h6 33. g4
b4 34. g5+ hxg5+ 35. hxg5+ Ke7 36. Ke5 bxc3 37. bxc3 Kd7 38. g6 Ke7 39. f4 Kd7
40. f5 exf5 41. Kxd5 Ke7 42. Ke5 f4 43. Kxf4 Kf6 44. d5 Kxg6 45. Ke5 Kf7 46.
Kd4 g5 47. Kxc4 g4 48. Kd4 g3 49. Ke3 g2 50. Kf2 g1=Q+ 51. Kxg1 Ke7 52. c4 Kd6
53. Kf2 Kc5 54. Ke3 a4 55. Kd3 Kd6 56. Kd4 a3 57. c5+ Kd7 58. c6+ Kd6 59. Kc4
Kc7 60. Kc5 Kd8 61. Kb4 Kc7 62. Kxa3 Kd8 63. Kb4 Kc7 64. Kc5 Kd8 65. a4 Kc7 66.
a5 Kb8 67. a6 Ka7 68. c7 Ka8 69. c8=Q+ Ka7 70. Qb7# 1-0

[Event "Junior Online 4NCL Division 2"]
[Site "online"]
[Date "2020.05.21"]
[Round "6.76"]
[White "Morrison, Joseph"]
[Black "McBrinn, Conall"]
[Result "0-1"]
[WhiteElo "1465"]
[BlackElo "1667"]
[PlyCount "90"]
[EventDate "2020.05.21"]
[WhiteTeam "Surbiton Juniors A"]
[BlackTeam "Hammersmith 1"]

1. c4 e5 2. Nc3 Nf6 3. g3 Nc6 4. Bg2 Bc5 5. e3 d6 6. Nge2 Bf5 7. h3 Nb4 8. e4
Nd3+ 9. Kf1 Nxf2 10. Qa4+ Bd7 11. Qb3 Nxh1 12. Bxh1 Bxh3+ 13. Ke1 Bb6 14. d3
Nd7 15. Nd5 Nc5 16. Qd1 c6 17. Nxb6 axb6 18. Ng1 Be6 19. b4 Nd7 20. a3 h5 21.
Nf3 Bg4 22. Be3 Qf6 23. Kd2 h4 24. gxh4 Bxf3 25. Bxf3 Rxh4 26. Qg1 Rh7 27. Be2
c5 28. Bg5 Qg6 29. Bg4 Qxg5+ 30. Kc2 f6 31. Bxd7+ Kxd7 32. Qxg5 fxg5 33. Rg1
Rh2+ 34. Kb3 Rh3 35. Kc2 Rxa3 36. Rxg5 Ra2+ 37. Kb3 Rf2 38. Rxg7+ Ke8 39. Kc3
Rff3 40. Rxb7 Rxd3+ 41. Kb2 Rh2+ 42. Kc1 Rg3 43. Rb8+ Kd7 44. Rf8 Rg1+ 45. Rf1
Rxf1# 0-1

[Event "Junior Online 4NCL Division 2"]
[Site "online"]
[Date "2020.05.21"]
[Round "6.77"]
[White "Auchi, Taymour"]
[Black "Jonikas, Augustas"]
[Result "0-1"]
[WhiteElo "1570"]
[BlackElo "1540"]
[PlyCount "130"]
[EventDate "2020.05.21"]
[WhiteTeam "Hammersmith 1"]
[BlackTeam "Surbiton Juniors A"]

1. e4 e5 2. Nf3 Nc6 3. d4 exd4 4. Nxd4 Bc5 5. Nb3 Bb6 6. Nc3 d6 7. Qe2 Be6 8.
Be3 Nf6 9. O-O-O Qe7 10. Kb1 Bxb3 11. axb3 Nxe4 12. Nxe4 Qxe4 13. Bxb6 Qxe2 14.
Bxe2 axb6 15. Rhe1 Kd7 16. Bg4+ Kd8 17. Re2 Re8 18. Rde1 Rxe2 19. Rxe2 Ne5 20.
Bf5 g6 21. Be4 c6 22. f4 Ng4 23. h3 Nf6 24. Bf3 Ra5 25. g4 Nd7 26. Rd2 d5 27.
c4 dxc4 28. bxc4 b5 29. cxb5 Rxb5 30. Be2 Rb4 31. f5 Kc7 32. fxg6 fxg6 33. Bd3
Rd4 34. Kc2 Nc5 35. Bf1 Rxd2+ 36. Kxd2 Kd6 37. Bc4 h6 38. h4 g5 39. hxg5 hxg5
40. Be2 Ke5 41. Ke3 Na4 42. b4 Nc3 43. Bf1 Nd5+ 44. Kf3 Nxb4 45. Bc4 Nd5 46.
Bb3 b5 47. Bc2 c5 48. Bd3 b4 49. Bc4 Kd4 50. Ba2 c4 51. Bb1 c3 52. Bc2 Ne3 53.
Bb1 c2 54. Bxc2 Nxc2 55. Ke2 b3 56. Kd2 Nb4 57. Kc1 Kc3 58. Kb1 Nd3 59. Ka1 Ne5
60. Kb1 Nxg4 61. Kc1 Ne3 62. Kb1 g4 63. Kc1 g3 64. Kb1 g2 65. Kc1 g1=Q# 0-1

[Event "Junior Online 4NCL Division 2"]
[Site "online"]
[Date "2020.05.21"]
[Round "6.81"]
[White "Chen, Daniel Xingyu"]
[Black "Moran, Hugh"]
[Result "0-1"]
[WhiteElo "1750"]
[BlackElo "1673"]
[PlyCount "68"]
[EventDate "2020.05.21"]
[WhiteTeam "Warwickshire Bears A"]
[BlackTeam "Gonzaga College SJ B"]

1. e4 d6 2. d4 Nf6 3. Nc3 Nbd7 4. f4 e5 5. fxe5 dxe5 6. d5 Bb4 7. Bd3 Nc5 8.
Nge2 Ncxe4 9. O-O Bc5+ 10. Kh1 Nf2+ 11. Rxf2 Bxf2 12. Bg5 Bc5 13. Qf1 Be7 14.
Ng3 h6 15. Bxf6 Bxf6 16. Re1 O-O 17. Nce4 Bh4 18. Re3 Bg5 19. Rf3 Bg4 20. Rf2
Be3 21. h3 Bxf2 22. Qxf2 Bc8 23. Nh5 f5 24. Qg3 Qe7 25. d6 cxd6 26. Nxd6 Qg5
27. Bc4+ Kh7 28. Qxe5 Qxh5 29. Kh2 Bd7 30. Qe7 Bc6 31. Nxf5 Qg5 32. Qxg5 hxg5
33. Bd3 g6 34. Ne7 Rf6 0-1

[Event "Junior Online 4NCL Division 2"]
[Site "online"]
[Date "2020.05.21"]
[Round "6.82"]
[White "O'laoide, Liam"]
[Black "Dicen, Elis Denele"]
[Result "1/2-1/2"]
[WhiteElo "1585"]
[BlackElo "1697"]
[PlyCount "135"]
[EventDate "2020.05.21"]
[WhiteTeam "Gonzaga College SJ B"]
[BlackTeam "Warwickshire Bears A"]

1. e4 e6 2. d4 d5 3. Nd2 dxe4 4. Nxe4 Nd7 5. Bd3 Ngf6 6. Bg5 Be7 7. Nxf6+ Nxf6
8. c3 Bd7 9. Nf3 O-O 10. Qc2 h6 11. Bh4 c5 12. O-O cxd4 13. Nxd4 Rc8 14. Qb3
Qc7 15. Bg3 e5 16. Rfe1 Bd6 17. Nf5 Be6 18. Qc2 Bxf5 19. Bxf5 Rcd8 20. Rad1
Rfe8 21. Qa4 a6 22. c4 Nh5 23. Qc2 Nxg3 24. hxg3 Qc5 25. Be4 b6 26. a3 a5 27.
Bd5 Re7 28. Qf5 Rde8 29. Qg6 Bb8 30. Qc6 Qxc6 31. Bxc6 Rc8 32. Bb5 f6 33. f4
Kf7 34. f5 Rc5 35. g4 e4 36. Kf2 Bf4 37. Rd4 e3+ 38. Kf3 Be5 39. Rd3 Bxb2 40.
Rexe3 Rxe3+ 41. Rxe3 Be5 42. Rd3 Rc7 43. Ke4 Ke7 44. Rb3 Bd6 45. a4 Bc5 46. Rd3
Bd6 47. Kd5 Rc5+ 48. Ke4 Re5+ 49. Kf3 Rc5 50. Re3+ Re5 51. Rxe5+ Bxe5 52. Ke4
Kd6 53. Ke3 Bc3 54. Ke4 Ba1 55. Be8 Be5 56. Bb5 Kc5 57. Kd3 Kb4 58. Ke4 Kc5 59.
Kd3 Ba1 60. Ke4 Bb2 61. Kd3 Bd4 62. Bd7 Be5 63. Bb5 Kd6 64. Ke4 Bc3 65. Kf4
Bd2+ 66. Ke4 Bc3 67. Kd3 Be5 68. Ke4 1/2-1/2

[Event "Junior Online 4NCL Division 2"]
[Site "online"]
[Date "2020.05.21"]
[Round "6.83"]
[White "Wong, Tristan"]
[Black "Tempany, Max"]
[Result "1-0"]
[WhiteElo "1705"]
[BlackElo "1551"]
[PlyCount "87"]
[EventDate "2020.05.21"]
[WhiteTeam "Warwickshire Bears A"]
[BlackTeam "Gonzaga College SJ B"]

1. d4 Nf6 2. Bf4 g6 3. Nc3 d5 4. e3 Bg7 5. h4 h5 6. Be2 c5 7. Nf3 Bg4 8. Ne5
Bxe2 9. Qxe2 Nc6 10. O-O-O e6 11. dxc5 Nd7 12. Nxd7 Qxd7 13. Ne4 Nb4 14. a3 Na6
15. Nd6+ Kf8 16. Nb5 Rc8 17. Bd6+ Kg8 18. Nxa7 Ra8 19. Nb5 Qc6 20. Nd4 Qc8 21.
Nb3 Qc6 22. g4 b6 23. Nd4 Qd7 24. gxh5 Rxh5 25. Nb3 Rc8 26. Qxa6 bxc5 27. Nxc5
Qe8 28. f4 d4 29. exd4 Rcxc5 30. dxc5 Qd8 31. c6 Qf6 32. Be5 Rxe5 33. fxe5 Qxe5
34. Qc8+ Kh7 35. Qb7 Bh6+ 36. Kb1 Qf6 37. c7 Bg7 38. c8=Q Qe5 39. h5 gxh5 40.
Rxh5+ Qxh5 41. Rh1 Qxh1+ 42. Qxh1+ Kg6 43. Qg2+ Kf6 44. Qd8+ 1-0

[Event "Junior Online 4NCL Division 2"]
[Site "online"]
[Date "2020.05.21"]
[Round "6.84"]
[White "', Sean"]
[Black "Fellowes, Billy"]
[Result "1-0"]
[WhiteElo "1582"]
[BlackElo "1592"]
[PlyCount "59"]
[EventDate "2020.05.21"]
[WhiteTeam "Gonzaga College SJ B"]
[BlackTeam "Warwickshire Bears A"]

1. e4 b6 2. d4 Bb7 3. Bd3 e6 4. Ne2 d5 5. e5 c5 6. c3 Nc6 7. a3 Nge7 8. O-O Ng6
9. Nd2 c4 10. Bc2 b5 11. f4 a5 12. Nf3 b4 13. axb4 axb4 14. Rxa8 Qxa8 15. f5
exf5 16. Bxf5 Be7 17. Nf4 O-O 18. Nxg6 fxg6 19. Be6+ Kh8 20. Bxd5 bxc3 21. bxc3
Qa5 22. Bxc4 Qxc3 23. Qd3 Qa5 24. Bd2 Qa7 25. Kh1 Rd8 26. d5 Nb4 27. Bxb4 Bxb4
28. Ng5 Rc8 29. d6 h6 30. Qxg6 1-0

[Event "Junior Online 4NCL Division 2"]
[Site "online"]
[Date "2020.05.21"]
[Round "6.85"]
[White "Moran, Hugh"]
[Black "Chen, Daniel Xingyu"]
[Result "0-1"]
[WhiteElo "1673"]
[BlackElo "1750"]
[PlyCount "62"]
[EventDate "2020.05.21"]
[WhiteTeam "Gonzaga College SJ B"]
[BlackTeam "Warwickshire Bears A"]

1. Nf3 Nf6 2. d3 g6 3. Nbd2 Bg7 4. e4 c5 5. g3 O-O 6. Bg2 Nc6 7. O-O Qc7 8. Re1
d6 9. c3 Bd7 10. a4 a6 11. Nf1 b5 12. axb5 axb5 13. Bf4 b4 14. e5 Nh5 15. exd6
exd6 16. Bd2 Bf5 17. Qe2 Nf6 18. Ne3 Bd7 19. d4 Ne4 20. Qd3 Nxd2 21. Qxd2 bxc3
22. bxc3 cxd4 23. Nxd4 Rxa1 24. Rxa1 Nxd4 25. cxd4 Qb6 26. Rd1 Ba4 27. Nc4 Qa6
28. Qb4 Bxd1 29. Ba8 Rxa8 30. Nxd6 Bf3 31. h4 Qa1+ 0-1

[Event "Junior Online 4NCL Division 2"]
[Site "online"]
[Date "2020.05.21"]
[Round "6.86"]
[White "Dicen, Elis Denele"]
[Black "O'laoide, Liam"]
[Result "1-0"]
[WhiteElo "1697"]
[BlackElo "1585"]
[PlyCount "133"]
[EventDate "2020.05.21"]
[WhiteTeam "Warwickshire Bears A"]
[BlackTeam "Gonzaga College SJ B"]

1. e4 c6 2. Nf3 d5 3. exd5 cxd5 4. d4 Nf6 5. Bd3 Nc6 6. O-O Bg4 7. Be3 e6 8.
Nbd2 Bd6 9. h3 Bh5 10. c3 O-O 11. Rc1 a6 12. Re1 Rc8 13. Nf1 b5 14. a3 Na5 15.
Bd2 Nc4 16. Bxc4 bxc4 17. Bg5 Rb8 18. Rc2 Bg6 19. Rd2 h6 20. Bxf6 Qxf6 21. Ne5
Bxe5 22. Rxe5 Rb3 23. Ng3 Rfb8 24. Qc1 Qe7 25. f3 Qb7 26. Ree2 Qc7 27. Nf1 Qb7
28. Qa1 Bd3 29. Rf2 a5 30. Ne3 Qc7 31. Ng4 Qf4 32. Ne5 Bh7 33. Nc6 R8b6 34. Ne5
f6 35. Nd7 Rd6 36. Nc5 Rb5 37. a4 Rbb6 38. Qd1 Kf7 39. Rfe2 h5 40. Qe1 h4 41.
Re3 Rdc6 42. Rde2 Bf5 43. Nd7 Rb7 44. Nc5 Re7 45. Qd1 g5 46. Qe1 Qc7 47. Qd1 e5
48. Qd2 Qb6 49. Kh2 Qb8 50. Kg1 Qb6 51. Kh1 Rcc7 52. Kg1 exd4 53. cxd4 Qb4 54.
Rxe7+ Rxe7 55. Rxe7+ Kxe7 56. Qe2+ Kd6 57. Qe8 Qb6 58. Qf8+ Kc7 59. Qe7+ Kb8
60. Qe8+ Kc7 61. Qf7+ Kb8 62. Qg8+ Ka7 63. Qf7+ Kb8 64. Qe7 Bc8 65. Qe8 Qc7 66.
Na6+ Ka7 67. Nxc7 1-0

[Event "Junior Online 4NCL Division 2"]
[Site "online"]
[Date "2020.05.21"]
[Round "6.87"]
[White "Tempany, Max"]
[Black "Wong, Tristan"]
[Result "1-0"]
[WhiteElo "1551"]
[BlackElo "1705"]
[PlyCount "89"]
[EventDate "2020.05.21"]
[WhiteTeam "Gonzaga College SJ B"]
[BlackTeam "Warwickshire Bears A"]

1. e4 Nc6 2. Nf3 d6 3. d4 Nf6 4. Nc3 g6 5. Be3 Bg7 6. Qd2 O-O 7. O-O-O Bg4 8.
h3 Bxf3 9. gxf3 e5 10. d5 Ne7 11. h4 Nh5 12. Bh3 f5 13. Bg5 f4 14. Bg4 h6 15.
Bxh5 gxh5 16. Bxe7 Qxe7 17. Rdg1 Kh7 18. Rg2 c6 19. Rhg1 Rf7 20. dxc6 bxc6 21.
Rg6 Rd8 22. Qd1 Qb7 23. Rxd6 Rb8 24. b3 Qb4 25. Na4 Qa3+ 26. Kb1 Qxa4 27. Rdg6
c5 28. Qd6 Rb6 29. Qxb6 axb6 30. bxa4 Ra7 31. Kb2 Rb7 32. Rxg7+ Rxg7 33. Rxg7+
Kxg7 34. Kc3 Kf7 35. Kc4 Ke7 36. Kb5 Kd6 37. Kxb6 c4 38. a5 Kd7 39. Kb7 Kd6 40.
a6 Kc5 41. a7 Kd4 42. a8=Q Kc3 43. Qc8 Kd4 44. Kb6 c3 45. Qc5# 1-0

[Event "Junior Online 4NCL Division 2"]
[Site "online"]
[Date "2020.05.21"]
[Round "6.88"]
[White "Fellowes, Billy"]
[Black "Hunter, Sean"]
[Result "0-1"]
[WhiteElo "1592"]
[BlackElo "1582"]
[PlyCount "30"]
[EventDate "2020.05.21"]
[WhiteTeam "Warwickshire Bears A"]
[BlackTeam "Gonzaga College SJ B"]

1. c4 c5 2. Nc3 Nc6 3. Nf3 g6 4. d4 cxd4 5. Nxd4 Bg7 6. e3 Nf6 7. Be2 O-O 8.
O-O b6 9. Nxc6 dxc6 10. Bf3 Bb7 11. Qxd8 Rfxd8 12. e4 c5 13. Nd5 e6 14. Nxf6+
Bxf6 15. Rb1 Rd4 0-1

[Event "Junior Online 4NCL Division 2"]
[Site "online"]
[Date "2020.05.28"]
[Round "7.11"]
[White "Saunders, Aron"]
[Black "Balasundaram, Sivasatyan"]
[Result "1/2-1/2"]
[WhiteElo "1765"]
[BlackElo "1757"]
[PlyCount "85"]
[EventDate "2020.05.28"]
[WhiteTeam "Downend Upstarts"]
[BlackTeam "Harrow Juniors A"]

1. e4 c5 2. c3 Nc6 3. d4 cxd4 4. cxd4 d6 5. Nc3 g6 6. Nf3 Bg7 7. Bb5 Bd7 8. O-O
Nf6 9. Bf4 a6 10. Ba4 Rc8 11. Re1 O-O 12. Qd2 Re8 13. Rad1 b5 14. Bb3 Na5 15.
e5 Nxb3 16. axb3 Nh5 17. exd6 Nxf4 18. Qxf4 exd6 19. Qxd6 Bc6 20. Rxe8+ Qxe8
21. Re1 Qd7 22. Qxd7 Bxd7 23. Ne5 Bf5 24. Nd5 Kf8 25. g4 Be6 26. Nb6 Rd8 27.
Re4 Bxe5 28. dxe5 Bxb3 29. Re2 Rd1+ 30. Kg2 Bd5+ 31. Nxd5 Rxd5 32. f4 Ke7 33.
f5 gxf5 34. gxf5 f6 35. exf6+ Kxf6 36. Re6+ Kxf5 37. Rxa6 Rd2+ 38. Kg1 Rxb2 39.
Rh6 b4 40. Rxh7 Kg6 41. Rb7 b3 42. Rb5 Kh6 43. Kf1 1/2-1/2

[Event "Junior Online 4NCL Division 2"]
[Site "online"]
[Date "2020.05.28"]
[Round "7.12"]
[White "Gurjar, Roshan"]
[Black "Ahmed, Bilal"]
[Result "1-0"]
[WhiteElo "1622"]
[BlackElo "1570"]
[PlyCount "47"]
[EventDate "2020.05.28"]
[WhiteTeam "Harrow Juniors A"]
[BlackTeam "Downend Upstarts"]

1. e4 c5 2. Nf3 e6 3. d4 cxd4 4. Nxd4 Nf6 5. Nc3 d6 6. Be3 Be7 7. f3 O-O 8. Qd2
Nc6 9. O-O-O a6 10. g4 Qc7 11. h4 Re8 12. h5 b5 13. Nxc6 Qxc6 14. Kb1 b4 15.
Ne2 a5 16. g5 Nd7 17. h6 g6 18. Nd4 Qc7 19. Nb5 Qc6 20. Nxd6 Bxd6 21. Qxd6 Qxd6
22. Rxd6 Ne5 23. Bb5 Re7 24. Rd8+ 1-0